Automatisierung aus ökonomischer Sicht
Salvato in:
| Autore principale: | |
|---|---|
| Altri autori: | |
| Natura: | Libro |
| Lingua: | tedesco |
| Pubblicazione: |
Berlin
Wirtschaft
1982
|
| Tags: |
Nessun Tag, puoi essere il primo ad aggiungerne!!
|
MARC
| LEADER | 00000nam a2200000 4500 | ||
|---|---|---|---|
| 001 | c129510 | ||
| 005 | 20041019155246.5 | ||
| 041 | 0 | |a ger | |
| 044 | |a DE | ||
| 245 | 1 | 0 | |a Automatisierung aus ökonomischer Sicht |c Franz Pleschak, Peter Krejcik |
| 264 | 1 | |a Berlin |b Wirtschaft |c 1982 | |
| 300 | |a 132 s. | ||
| 100 | 1 | |a Pleschak, Franz | |
| 700 | 1 | |a Krejcik, Peter | |